000 01429cab a2200445 4500
001 ABS57594
008 090401t1997 xxu||||| |||| 00| 0 eng d
035 _a(Sirsi) u80749
041 _aeng
100 _aWhitmore, J.
245 _aEverything you always wanted to know about indirect property investment but were afraid to ask
260 _c1997
350 _a0
490 _aProperty Week
_v60(10) 29 August 1997, 29-36(6)
520 _aA guide to all types of indirect property investment including property shares, property unit trusts, derivatives, Property Income Certificates, Property Index Forwards, limited partnerships and others.
650 _aAPUT
650 _aAUTHORISED PROPERTY UNIT TRUSTS
650 _aBZW
650 _aDERIVATIVES
650 _aHITS
650 _aHOUSING INVESTMENT TRUSTS
650 _aINDIRECT PROPERTY INVESTMENT
650 _aOEIC
650 _aOPEN-ENDED INVESTMENT COMPANIES
650 _aPROPERTY INVESTMENT FUNDS
650 _aPINCS
650 _aPROPERTY FINANCE
650 _aPROPERTY INCOME CERTIFICATES
650 _aPROPERTY INDEX FORWARDS
650 _aPROPERTY INVESTMENT
650 _aPROPERTY SHARES
650 _aPROPERTY UNIT TRUSTS
650 _aPUTS
650 _aREAL ESTATE INDEX MARKET
650 _aREIM
650 _aREITS
690 _aPROPERTY-PROPERTY FINANCE AND INVESTMENT
942 _n0
948 _c09/09/1997
999 _c50843
_d50843